|
|
|
|
| LEADER |
00636nta a2200193 i 4500 |
| 001 |
dipl95120 |
| 005 |
20201125093501.0 |
| 008 |
201124s1990 hu om 0|| zxx d |
| 040 |
|
|
|a SZTE Diploma Repozitórium
|b hun
|
| 041 |
|
|
|a zxx
|
| 100 |
1 |
|
|a Haluska Klára
|
| 245 |
1 |
0 |
|a Nagy László és a szülőföld kapcsolata
|h [elektronikus dokumentum] /
|c Klára Haluska
|
| 260 |
|
|
|c 1990
|
| 650 |
|
4 |
|a Pedagógusképzés
|
| 650 |
|
4 |
|a Humanities
|
| 650 |
|
4 |
|a Languages and Literature
|
| 650 |
|
4 |
|a Literary theory
|
| 700 |
1 |
|
|a Vass László
|e ths
|
| 856 |
4 |
0 |
|u http://diploma.bibl.u-szeged.hu/id/eprint/95120/1/1990_haluska_klara.pdf
|z Dokumentum-elérés
|